Trénink obchodní komunikace

Salvato in:
Dettagli Bibliografici
Autore principale: Boothman, Nicholas
Altri autori: Kašparovská, Hana
Natura: Libro
Lingua:ceco
Pubblicazione: Praha Portál 2004
Soggetti:
Tags: Aggiungi Tag
Nessun Tag, puoi essere il primo ad aggiungerne!!

MARC

LEADER 00000nam$a2200000$$$4500
001 0025574
005 20240306141712.9
020 |a 80-7178-904-6 
041 0 |a cze 
044 |a CZ 
245 1 0 |a Trénink obchodní komunikace  |c Nicholas Boothman ; prekl. Hana Kašparovská 
264 1 |a Praha  |b Portál  |c 2004 
300 |a 174 s. 
610 2 0 |a komunikácia interpersonálna 
610 2 0 |a obchod 
610 2 0 |a vzťahy medziľudské 
610 2 0 |a vzťahy obchodné 
610 2 0 |a psychológia 
100 1 |a Boothman, Nicholas 
700 1 |a Kašparovská, Hana